00875cam a2200277 a 450000100090000000300120000900500170002100800410003801000170007902000150009602500250011103500210013603700600015704000220021704200100023904300120024905000210026108200190028210000200030124500740032126000450039530000270044050400660046765000300053365100340056312402873NUST - PNEC20170116181133.0010105s2000 ii b 001 0 eng  a 00411308  a0670911038 aI-E-00-411308; 56-92 a(DLC) 00411308 bLibrary of Congress -- New Delhi Field OfficecRs495.00 aDLCcLIBRARYdDLC alcode aa-ii---00aDS425b.E27 200000a954.02 ERA2211 aEraly, Abraham.10aGem in the lotus :the seeding of Indian civilisation cAbraham Eraly. aNew Delhi ;aNew York :bViking,cc.2000 aviii, 586 p. ;c23 cm. aIncludes bibliographical references (p. [564]-569) and index. aGem in the lotusxGeneral 0aIndiaxCivilizationyTo 1200.